| 000 | 01331cam a2200349Ia 4500 | ||
|---|---|---|---|
| 999 |
_c10431 _d10431 |
||
| 001 | 43355273 | ||
| 003 | OCoLC | ||
| 005 | 20241126110732.0 | ||
| 008 | 000127s1999 waub c b 000 0beng d | ||
| 020 |
_a1576581489 _q(pbk.) |
||
| 020 |
_a9781576581483 _q(pbk.) |
||
| 035 | _a(OCoLC)43355273 | ||
| 040 |
_aSBI _beng _cSBI _dDPL _dBAKER _dBTCTA _dOCLCG _dOCLCA _dOCLCF _dOCLCQ _dOCLCO _dT2S _dOCLCA _dOCLCQ _dOCLCO |
||
| 043 | _af------ | ||
| 082 |
_a266.0092 _bBEN |
||
| 092 | _aBIO SLESS | ||
| 100 | 1 |
_aBenge, Janet, _d1958- _917368 |
|
| 245 | 1 | 0 |
_aMary Slessor : _bforward into Calabar / _cJanet & Geoff Benge |
| 260 |
_aSeattle, WA : _bYWAM Pub., _c℗♭1999 |
||
| 300 |
_a205 pages : _b1 map ; _c21 cm |
||
| 490 | _aChristian heroes, then & now: | ||
| 504 | _aIncludes bibliographical references (page 205) | ||
| 520 | _aFor thirty nine years, Mary Slessor lived and labored among the tribes of Africa's Calabar region, reaching the lost with the life-giving gospel of Christ | ||
| 521 | 0 | _a6.4 | |
| 600 | 1 | 0 |
_aSlessor, Mary, _d1848-1915 _917941 |
| 650 | 0 |
_aWomen missionaries _zNigeria _vBiography _vJuvenile literature _917942 |
|
| 650 | 0 |
_aMissionaries _zAfrica _vBiography _917943 |
|
| 655 | 0 |
_aBiography _95066 |
|
| 700 | 1 |
_aBenge, Geoff, _d1954- _917373 |
|
| 830 | 0 |
_aChristian heroes, then & now _917374 |
|
| 942 |
_2ddc _cBK _02 |
||